Interní příčiny mobility zaměstnanců: Výsledky shlukové analýzy
Identifikácia organizačnej príčiny mobility zamestnancov vo vnútri organizácie. Faktory a hlavné príčiny mobility zamestnancov. Zhluková analýza, ktorej výsledky podporujú konštruované faktory.
Guardado en:
| Autor principal: | |
|---|---|
| Formato: | Capítulo de libro |
| Lenguaje: | checo |
| Materias: | |
| Etiquetas: |
Sin Etiquetas, Sea el primero en etiquetar este registro!
|
MARC
| LEADER | 00000nla a2200000 4500 | ||
|---|---|---|---|
| 001 | 0198867 | ||
| 005 | 20240417075054.5 | ||
| 041 | 0 | |a cze | |
| 044 | |a CZ | ||
| 245 | 1 | 0 | |a Interní příčiny mobility zaměstnanců: Výsledky shlukové analýzy |c Lucie Vnoučková |
| 520 | |a Identifikácia organizačnej príčiny mobility zamestnancov vo vnútri organizácie. Faktory a hlavné príčiny mobility zamestnancov. Zhluková analýza, ktorej výsledky podporujú konštruované faktory. | ||
| 610 | 2 | 0 | |a zamestnanci |
| 610 | 2 | 0 | |a fluktuácia |
| 610 | 2 | 0 | |a mobilita sociálna |
| 610 | 2 | 0 | |a kariéra |
| 610 | 2 | 0 | |a preradenie pracovníkov |
| 610 | 2 | 0 | |a prijímanie pracovníkov |
| 610 | 2 | 0 | |a analýza zhluková |
| 100 | 1 | |a Vnoučková, Lucie | |